Statistics for NBA igrači iz Srbije

Click here to take the quiz!

General Stats

  • This quiz has been taken 306 times
    (50 since last reset)
  • The average score is 15 of 33

Answer Stats

SezoneBroj sezonaTimoviIgrač% Correct
2015-9NuggetsNikola Jokić
100%
2017-7Kings, HawksBogdan Bogdanović
89%
1989-200516Lakers, Hornets, KingsVlade Divac
84%
2022-2HeatNikola Jović
75%
2017-20192ClippersMiloš Teodosić
73%
2023-1Thunder, HornetsVasilije Micić
73%
2015-9Spurs, Pistons, Clippers, 76ers, Mavericks, RocketsBoban Marjanović
68%
2020-3Thunder, HornetsAleksej Pokuševski
64%
1998-201113Kings, Pacers, Hornets, Raptors, MavericksPredrag Stojaković
61%
2013-20141WarriorsNemanja Nedović
59%
2003-201310Pistons, Magic, Grizzlies, Knicks, Wolves, CelticsDarko Miličić
55%
2023-2024176ers, KingsFilip Petrušev
55%
2015-20227Wolves, Kings, Heat, WarriorsNemanja Bjelica
52%
2024-1WizardsTristan Vukčević
52%
1996-19971BlazersAleksandar Đorđević
50%
2019-20212WarriorsAlen Smailagić
48%
1995-19972Heat, MavericksPredrag Danilović
41%
2001-201312Sonics, Clippers, Lakers, Bobcats, Warriors, Hawks, BullsVladimir Radmanović
39%
2004-20117Nets, Thunder, CelticsNenad Krstić
36%
2002-20097Clippers, Wolves, GrizzliesMarko Jarić
34%
2001-20076Pistons, Hawks, ClippersŽeljko Rebrača
34%
2019-20201GrizzliesMarko Gudurić
32%
2013-20152WarriorsOgnjen Kuzmić
32%
2013-14, 2015-162Bucks, WolvesMiroslav Raduljica
27%
2002-20031WolvesIgor Rakočević
23%
1989-19901SpursŽarko Paspalj
23%
1995-19961NuggetsRastko Cvetković
16%
2000-20011BullsDragan Tarlać
14%
2006-20071NetsMile Ilić
14%
2007-20081WarriorsKosta Perović
11%
2002-20031NuggetsPredrag Savović
11%
1992-19931MavericksRadisav Ćurčić
7%
1990-19922Cavaliers, HeatMiloš Babić
5%

Score Distribution

Percentile by Number Answered

Percent of People with Each Score

Your Score History

You have not taken this quiz since the last reset